| 000 | 00582nam a2200193 4500 | ||
|---|---|---|---|
| 010 | _aB-063986 | ||
| 020 |
_a8171942237 _c175.00 |
||
| 035 | _aB-063986 | ||
| 037 | _bCen Lib / Ret | ||
| 040 |
_aDPL _bEN |
||
| 082 |
_a343.05 _bTAX |
||
| 245 |
_aTaxmann's wealth tax act interest tax act and expenditure tax act : _bwith rules / |
||
| 260 |
_aNew Delhi _bTaxmann Publications _c2000 |
||
| 270 |
_a59/32 New Rohtak Road _bNew Delhi _e110005 |
||
| 300 |
_avarious pages _c27cm(Pbk) |
||
| 650 | _aLaw | ||
| 650 | _aLaw -- India | ||
| 942 |
_2ddc _cEN _h343.05 _mTAX |
||
| 999 |
_c136984 _d136984 |
||